| 000 | 00000nam##2200000za#4500 |
| 001 | 9.646373 |
| 003 | CaOODSP |
| 005 | 20200330132329 |
| 007 | ta |
| 008 | 150407|1996||||xxc||||| f|0| 0 eng|d |
| 020 | |a0-662-25184-9 |
| 040 | |aCaOODSP|beng |
| 043 | |an-cn--- |
| 086 | 1 |aF2-113/1996E |
| 110 | 1 |aCanada. |bDepartment of Finance. |
| 245 | 10|aHarmonized sales tax : |btechnical paper / |cIssued jointly by the governments of Nova Scotia, New Brunswick, and Newfoundland and Labrador. |
| 260 | |aOttawa - Ontario : |bFinance Canada |c1996. |
| 300 | |a116p. ; |c25 cm. + |eNews release: Sales tax harmonization: detailed agreements reached, October 23, 1996; Comprehensive integrated tax coordination agreement between the government of Canada and the government of X. |
| 500 | |aContents: Introduction.--Overview of the system.--Tax-inclusive pricing.--Tax on supplies made in a participating province.--Tax on property and services brought into participating provinces.--Recovery of tax.--International imports.--Other international transactions.--Housing.--Financial services.--Other operational aspects.--Transitional issues.--Glossary of terms. Accompanied by: News release: Sales tax harmonization: detailed agreements reached, October 23, 1996 [Cat. No. F21-3/96-075E, 7p. 28cm. Paper cover.] and Comprehensive integrated tax coordination agreement between the government of Canada and the government of X [18p. 28cm. Paper cover.]. |
| 563 | |aSoftcover |
| 590 | |a96-46|b1996-11-15 |
| 775 | 08|tLa taxe de vente harmonisée : |w(CaOODSP)9.679922 |
| 776 | 0#|tHarmonized sales tax : |w(CaOODSP)9.696408 |